00000000nam 2200000za 4500
0019.805765
003CaOODSP
00520250827133317
007cr |||||||||||
008150406s2015    onc     o    f000 0 eng d
040 |aCaOODSP|beng
043 |an-cn---
0861 |aRv55-5/1-8-1-2015E-PDF
24500|aLicensing of customs brokers |h[electronic resource].
250 |a[November 2, 2015 edition].
260 |aOttawa : |bCanada Border Services Agency, |c2015.
300 |a9 p.
4901 |aCustoms D memoranda. D1, General, |x2369-2391 ; |vD1-8-1, November 2, 2015
500 |aIssued also in French under title: Agrément des courtiers en douane.
500 |a“Ottawa, November 2, 2015.”
504 |aIncludes references.
520 |aSuperseded Memorandum D1-8-1 dated September 17, 2008. This memorandum details the procedures to be followed by an individual, partnership, or corporation applying for a customs broker licence and the conditions under which licensed customs brokers have to operate.
69207|2gccst|aCustoms and excise
7102 |aCanada Border Services Agency.
77508|tAgrément des courtiers en douane |w(CaOODSP)9.805768
794 |tLicensing of customs brokers.|b[August 23, 2023 edition]|w(CaOODSP)9.937022
795 |tLicensing of customs brokers |b[September 17, 2008 edition]|w(CaOODSP)9.564816
830#0|aCustoms D memoranda. D1, General,|x2369-2391 ; |vD1-8-1, November 2, 2015|w(CaOODSP)9.816825
85640|qPDF|s91 KB|uhttps://publications.gc.ca/collections/collection_2015/asfc-cbsa/Rv55-5-1-8-1-2015-eng.pdf